| 000 | 01689nam a2200277 i 4500 | ||
|---|---|---|---|
| 001 | 16252 | ||
| 003 | DO-SdUEMH | ||
| 005 | 20260127174222.0 | ||
| 007 | ta | ||
| 008 | 211105s9999||||dr |||gr|||| 0|| | spa d | ||
| 040 |
_aDO-SdUEMH _bspa _erda |
||
| 041 | _aspa | ||
| 082 | 1 | 4 |
_aRD342.072 R426L 2003 _mRD |
| 084 | _b10-00078 | ||
| 110 | _aRepública Dominicana: Junta Central Electoral | ||
| 245 | 0 |
_aConstitución de la República Dominicana: Ley Electoral no. 275/97 y Modificaciones: _breglamento interno JCE |
|
| 260 | _c2003 | ||
| 264 | 1 |
_aSanto Domingo, República Dominicana : _c©2003 |
|
| 300 |
_a220 páginas : _c20 cm. |
||
| 336 |
_2rdacontent _atexto _btxt |
||
| 337 |
_2rdamedia _asin mediación _bn |
||
| 338 |
_2rdacarrier _avolumen _bnc |
||
| 505 | 2 | _ade la nación, de su soberanía y de su gobierno -- del territorio -- del régimen económico y social fronterizo -- de los derechos individuales y sociales -- de los deberes -- derechos políticos de la nacionalidad -- de la ciudadanía -- del poder legislativo -- del senado -- de la cámara de diputados -- disposiciones comunes a ambas cámaras -- del congreso -- de la formación y efecto de las leyes -- del poder ejecutivo -- de los secretarios del estado -- de la suprema corte de justicia -- de las cortas de apelación -- del tribunal de tierras -- de los juzgados primera instancia -- de los jugados de paz -- de la cámara de cuentas -- del distrito nacional y de los municipios -- del régimen de las provincias -- de las asambleas electorales -- de las fuerzas armadas -- disposiciones generales -- de las reformas constitucionales -- disposiciones transitorias. | |
| 942 |
_2ddc _cBK _n0 |
||
| 999 |
_c16252 _d16252 |
||